000
00319nam a22001457a 4500
008
230719b ||||| |||| 00| 0 eng d
020
_a
9780471963646
041
_a
eng
080
_a
510
082
_a
510MOD
100
_a
23
101
_a
MATEM
245
_a
QUANTUM THEORY OF MATTER
_c
MODINOS .A
942
_2
udc
_c
BK
999
_c
60172
_d
60172